00691nam a22002417a 4500999001900000003000400019020001800023082001900041100001800060245004000078250000600118260002900124300001400153546001200167650002600179650003500205650002700240650002500267650001000292700002200302942001200324952011300336 c291350d291350OSt a9780750624961 a551.46bPON/IN aPond, Stephen aIntroductory dynamical oceanography a2 aUKbPergamon pressc1983 axix,329p. aEnglish aPhysical oceanography aStability and double diffusion aMotion in oceanography aThermohaline effects aWaves aPickard, George L 2ddccBK 00102ddc40708GenaKAUCLVbKAUCLVcGENERALd2024-06-18l0o551.46 PON/INp232581r2024-06-18 00:00:00yBK